Los 20 filósofos griegos más importantes - Estadísticas

Estadísticas generales
  • Esta prueba ha sido intentada 503 veces
  • La puntuación promedio es 8 de 20
Estadísticas de respuestas
Hint Respuesta % Correcto
"Uno no sabe lo que sabe hasta que puede enseñar a otro" Aristóteles
96%
"Pensar es el diálogo del alma consigo misma" Platón
95%
"Yo solo sé que no sé nada" Sócrates
93%
"Nadie se baña en el río dos veces porque todo cambia en el río y en el que se baña" Heráclito
56%
"El agua es el elemento y principio de las cosas" Tales de Mileto
55%
"No sabe hablar quien no sabe callar" Pitágoras
54%
“¿Por qué la gente da dinero a los mendigos y no a los filósofos?” Diógenes
50%
"Lo mismo permanece en lo mismo, y descansa en sí mismo" Parménides
46%
"La naturaleza es eterna y no envejece" Anaximandro
42%
"Si me engañas una vez, tuya es la culpa; si me engañas dos, es mía" Anaxágoras
35%
"Los bienes son para aquellos que saben disfrutarlos" Epicuro
35%
"Los contrarios supremos, principios de toda generación, son el frío y el calor" Anaxímenes
34%
"Recordad que la naturaleza nos ha dado dos oídos y una boca para enseñarnos que vale más oír que hablar" Zenón de Elea
32%
"Todo está perdido cuando los malos sirven de ejemplo y los buenos de mofa" Demócrito
28%
"Es imposible que algo llegue a ser de lo que de ninguna manera es" Empédocles
19%
"La verdad es la capacidad de persuadir con la palabra" Gorgias de Leontinos
19%
"Nadie es libre si no es dueño de sí mismo" Epicteto
16%
"La vida es corta, el arte largo, la oportunidad efímera, el experimento traicionero, el juicio difícil" Hipócrates
16%
"La paciencia tiene más poder que la fuerza" Plutarco
9%
"Quien conoce el nombre, conoce la cosa" Antístenes
3%
No se encontraron pruebas coincidentes
Distribución de puntuación
Porcentaje de gente con cada puntuación
Porcentaje por número respondido
Historial de tus puntuaciones
No has intentado esta prueba.